Presidents catalans represaliats (Catalunya) - Statistics

General Stats
  • This quiz has been taken 56 times
    36 since last reset
  • The average score is 7 of 10
Answer Stats
Hint Answer % Correct
Suspès i exili Carles Puigdemont
100%
Presó i desterrat Jordi Pujol
91%
Presó, exili i afusellat Lluís Companys
91%
Inhabilitat Quim Torra
91%
Inhabilitat Artur Mas
85%
Presó i exili Francesc Macià
85%
Exili Josep Tarradellas
79%
Exili Josep Irla
70%
Presó Enric Prat de la Riba
36%
Exili Josep Puig i Cadafalch
18%
No matching quizzes found
Score Distribution
Percent of People with Each Score
Percentile by Number Answered
Your Score History
You have not taken this quiz since the last reset